[Event "Vaxjo op"]
[Site "Vaxjo"]
[Date "2023.02.10"]
[Round "1"]
[White "Sivuk, Vitaly"]
[Black "Hedin, Niclas"]
[Result "1-0"]
[WhiteElo "2530"]
[BlackElo "1833"]
[PlyCount "57"]
[EventDate "2023.02.10"]
[EventType "swiss"]
[EventRounds "8"]
[EventCountry "SWE"]
[SourceTitle "CBM 212 Extra"]
[Source "ChessBase"]
[SourceDate "2023.03.31"]
[SourceVersion "1"]
[SourceVersionDate "2023.03.31"]
[SourceQuality "1"]

1. d4 d5 2. c4 c6 3. Nf3 Nf6 4. Nc3 e6 5. Bg5 Nbd7 6. e3 Qa5 7. Nd2 Bb4 8. Qc2 0-0 9. a3 Bxc3 10. Qxc3 Qxc3 11. bxc3 b6 12. a4 Bb7 13. a5 c5 14. f3 Rfe8 15. cxd5 exd5 16. Bb5 Re6 17. Kf2 h6 18. Bf4 a6 19. Bd3 c4 20. Bf5 Ree8 21. axb6 Nf8 22. g4 Ne6 23. Bg3 g6 24. Bc2 h5 25. h3 hxg4 26. hxg4 Kg7 27. Be5 Rh8 28. f4 g5 29. Nf3 1-0

[Event "Umea Bjorkstad op"]
[Site "Umea"]
[Date "2015.10.30"]
[Round "1"]
[White "Petrov, Marian"]
[Black "Hedin, Niclas"]
[Result "1-0"]
[WhiteElo "2462"]
[BlackElo "1944"]
[PlyCount "74"]
[EventDate "2015.10.30"]
[EventType "tourn"]
[EventRounds "8"]
[EventCountry "SWE"]
[SourceTitle "CBM 169 Extra"]
[Source "ChessBase"]
[SourceDate "2015.12.18"]
[SourceVersion "1"]
[SourceVersionDate "2015.12.18"]
[SourceQuality "1"]

1. e4 e6 2. d4 d5 3. e5 c5 4. c3 Nc6 5. Nf3 Qb6 6. a3 Nh6 7. b4 cxd4 8. cxd4 Nf5 9. Bb2 Be7 10. Bd3 a5 11. Qa4 0-0 12. b5 f6 13. Ra2 Nd8 14. 0-0 Nf7 15. Nc3 Ng5 16. Bxf5 Nxf3+ 17. gxf3 fxe5 18. Bg4 exd4 19. Ne2 e5 20. Qb3 Rd8 21. a4 Qg6 22. Ng3 Bxg4 23. fxg4 Qxg4 24. f3 Qh3 25. Bc1 Rac8 26. Rg2 Rc3 27. Qa2 b6 28. Bd2 Rc4 29. Qb1 Rf8 30. Qb3 Bc5 31. Ne4 d3+ 32. Nxc5 bxc5 33. Qxd3 e4 34. Qxd5+ Kh8 35. Qxc4 exf3 36. Qg4 fxg2 37. Rf6 Rxf6 1-0

[Event "Politiken Cup 37th"]
[Site "Helsingor"]
[Date "2015.07.31"]
[Round "8"]
[White "Jepsen, Thomas Tange"]
[Black "Hedin, Niclas"]
[Result "1-0"]
[WhiteElo "2115"]
[BlackElo "1922"]
[PlyCount "95"]
[EventDate "2015.07.25"]
[EventType "swiss"]
[EventRounds "10"]
[EventCountry "DEN"]
[SourceTitle "CBM 167 Extra"]
[Source "ChessBase"]
[SourceDate "2015.09.14"]
[SourceVersion "1"]
[SourceVersionDate "2015.09.14"]
[SourceQuality "1"]

1. d4 Nf6 2. c4 e6 3. Nc3 Bb4 4. e3 c5 5. Bd3 0-0 6. Nge2 cxd4 7. exd4 d5 8. 0-0 dxc4 9. Bxc4 Nbd7 10. Qb3 Bxc3 11. bxc3 Qa5 12. Ba3 Re8 13. Bb4 Qh5 14. Ng3 Qh4 15. f3 b6 16. Rfe1 a5 17. Bd6 Bb7 18. Bb5 Rec8 19. Rac1 Nf8 20. Bd3 Nd5 21. c4 Nf4 22. Be4 Bxe4 23. Rxe4 Nd3 24. Qxb6 Qh6 25. Rc2 f5 26. Ree2 f4 27. Ne4 e5 28. Qb5 Ne6 29. dxe5 Kh8 30. Qd5 Rab8 31. Bxb8 Rxb8 32. Rb2 Nxb2 33. Rxb2 Rd8 34. Nd6 Qh4 35. Qd2 Rf8 36. Qf2 Qh5 37. Rb5 Qg6 38. Qd2 Ng5 39. Kh1 h6 40. c5 Qh5 41. Qd5 Qg6 42. Qd1 Rd8 43. c6 Ne4 44. fxe4 f3 45. Qxf3 Rxd6 46. Qf8+ Kh7 47. exd6 Qg5 48. Qf5+ 1-0

[Event "Politiken Cup 37th"]
[Site "Helsingor"]
[Date "2015.07.29"]
[Round "6"]
[White "Micalizio, Tiziano Wul"]
[Black "Hedin, Niclas"]
[Result "0-1"]
[WhiteElo "1644"]
[BlackElo "1922"]
[PlyCount "76"]
[EventDate "2015.07.25"]
[EventType "swiss"]
[EventRounds "10"]
[EventCountry "DEN"]
[SourceTitle "CBM 167 Extra"]
[Source "ChessBase"]
[SourceDate "2015.09.14"]
[SourceVersion "1"]
[SourceVersionDate "2015.09.14"]
[SourceQuality "1"]

1. d4 Nf6 2. Nf3 e6 3. g3 d5 4. Bg2 b5 5. 0-0 Bb7 6. a4 b4 7. Bf4 Nbd7 8. c3 c5 9. dxc5 Bxc5 10. cxb4 Bxb4 11. Qb3 a5 12. Nc3 Nc5 13. Qc2 Rc8 14. Nb5 Na6 15. Qd1 0-0 16. Rc1 Qe7 17. Rxc8 Rxc8 18. Qb1 Ne4 19. Rd1 Bc5 20. Nbd4 f6 21. Be3 Nb4 22. Bd2 e5 23. Bxb4 axb4 24. Nf5 Bxf2+ 25. Kf1 Qc5 26. Nd2 Bg1 27. Nxe4 dxe4 28. e3 Bxe3 29. Bxe4 Ba6+ 30. Kg2 g6 31. Nxe3 Qxe3 32. Bxg6 Bb7+ 33. Kf1 Qf3+ 34. Ke1 Qe3+ 35. Kf1 Qf3+ 36. Ke1 Qh1+ 37. Kd2 Qxh2+ 38. Ke1 Qxg3+ 0-1

[Event "Politiken Cup 37th"]
[Site "Helsingor"]
[Date "2015.07.28"]
[Round "5"]
[White "Hedin, Niclas"]
[Black "Lofgren, Claes"]
[Result "0-1"]
[WhiteElo "1922"]
[BlackElo "2102"]
[PlyCount "112"]
[EventDate "2015.07.25"]
[EventType "swiss"]
[EventRounds "10"]
[EventCountry "DEN"]
[SourceTitle "CBM 167 Extra"]
[Source "ChessBase"]
[SourceDate "2015.09.14"]
[SourceVersion "1"]
[SourceVersionDate "2015.09.14"]
[SourceQuality "1"]

1. d4 Nf6 2. c4 e6 3. Nc3 Bb4 4. Qc2 Nc6 5. Nf3 d6 6. Bd2 e5 7. d5 Bxc3 8. Bxc3 Ne7 9. e4 0-0 10. g3 Nh5 11. Be2 g6 12. Qd2 f6 13. 0-0-0 Qe8 14. h4 Bd7 15. Rdg1 Kh8 16. g4 Nf4 17. g5 Ng8 18. h5 gxh5 19. Rh4 Bg4 20. Bd1 Qg6 21. gxf6 Qxf6 22. Rh2 Bxf3 23. Bxf3 Nh6 24. Bxh5 Rg8 25. Rxg8+ Rxg8 26. f3 Rg1+ 27. Kc2 Qg5 28. Be8 Ng8 29. Kb3 Nf6 30. Ba4 b6 31. a3 Kg7 32. c5 Qg3 33. cxd6 cxd6 34. Rf2 Nd3 35. Qxd3 Qxf2 36. Qa6 Rg3 37. Qxa7+ Kg6 38. Bd7 Rxf3 39. Bf5+ Rxf5 40. exf5+ Kxf5 41. Qe7 Qc5 42. Qe6+ Kg6 43. Bb4 Qxd5+ 44. Qxd5 Nxd5 45. Bxd6 Kf5 46. Kc4 Ke6 47. Bf8 h5 48. Kd3 Kf5 49. a4 h4 50. Ke2 Ke4 51. Kf2 Kd3 52. b4 e4 53. a5 e3+ 54. Ke1 h3 55. Bd6 Nxb4 56. axb6 Nc2+ 0-1

[Event "Politiken Cup 37th"]
[Site "Helsingor"]
[Date "2015.07.27"]
[Round "4"]
[White "Hedin, Niclas"]
[Black "Djurhuus, Eivind X"]
[Result "0-1"]
[WhiteElo "1922"]
[BlackElo "2149"]
[PlyCount "52"]
[EventDate "2015.07.25"]
[EventType "swiss"]
[EventRounds "10"]
[EventCountry "DEN"]
[SourceTitle "CBM 167 Extra"]
[Source "ChessBase"]
[SourceDate "2015.09.14"]
[SourceVersion "1"]
[SourceVersionDate "2015.09.14"]
[SourceQuality "1"]

1. d4 e6 2. c4 f5 3. Nc3 Nf6 4. Nf3 Bb4 5. Qc2 c5 6. e3 0-0 7. Bd2 b6 8. a3 Bxc3 9. Bxc3 Bb7 10. Bd3 Ne4 11. 0-0 d6 12. Be1 Nd7 13. Nd2 Nxd2 14. Bxd2 Qh4 15. dxc5 Bxg2 16. Kxg2 Qg4+ 17. Kh1 Qf3+ 18. Kg1 Rf6 19. Rfd1 Rg6+ 20. Kf1 Rg2 21. Bc3 Rxh2 22. Ke1 Nxc5 23. Bf1 Ne4 24. Rd2 Rh1 25. Qd1 Rxf1+ 26. Kxf1 Ng3+ 0-1

[Event "Politiken Cup 37th"]
[Site "Helsingor"]
[Date "2015.07.26"]
[Round "2"]
[White "Hedin, Niclas"]
[Black "Jacobsen, Per"]
[Result "1-0"]
[WhiteElo "1922"]
[BlackElo "1680"]
[PlyCount "49"]
[EventDate "2015.07.25"]
[EventType "swiss"]
[EventRounds "10"]
[EventCountry "DEN"]
[SourceTitle "CBM 167 Extra"]
[Source "ChessBase"]
[SourceDate "2015.09.14"]
[SourceVersion "1"]
[SourceVersionDate "2015.09.14"]
[SourceQuality "1"]

1. d4 Nf6 2. c4 e5 3. dxe5 Ne4 4. Nd2 Nc5 5. a3 a5 6. Nb3 Nc6 7. Nf3 h6 8. Be3 Nxb3 9. Qxb3 Be7 10. g3 0-0 11. Bg2 d6 12. exd6 Bxd6 13. 0-0 Rb8 14. Rad1 Be6 15. Qc3 Qe7 16. c5 Bxg3 17. hxg3 Bg4 18. b4 axb4 19. axb4 Nd8 20. Rd2 Ne6 21. Ne5 Bh5 22. Nd7 Bxe2 23. Nxf8 Bxf1 24. Nxe6 Bxg2 25. Qxg7# 1-0

[Event "Stockholm op"]
[Site "Stockholm"]
[Date "2014.05.30"]
[Round "5"]
[White "Hedin, Niclas"]
[Black "Malmstig, Erik"]
[Result "0-1"]
[WhiteElo "1970"]
[BlackElo "2258"]
[PlyCount "100"]
[EventDate "2014.05.28"]
[EventType "swiss"]
[EventRounds "9"]
[EventCountry "SWE"]
[SourceTitle "CBM 160 Extra"]
[Source "ChessBase"]
[SourceDate "2014.07.01"]
[SourceVersion "1"]
[SourceVersionDate "2014.07.01"]
[SourceQuality "1"]

1. d4 Nf6 2. c4 e6 3. Nc3 Bb4 4. Qc2 c5 5. dxc5 Na6 6. f3 Bxc5 7. a3 Bxg1 8. Rxg1 Qc7 9. e4 Qxh2 10. Be3 Qg3+ 11. Qf2 Qxf2+ 12. Kxf2 d6 13. Nb5 Ke7 14. Bxa7 Bd7 15. Bb6 Bxb5 16. cxb5 Nc5 17. Bc4 Rhc8 18. Rac1 Na4 19. Bd4 e5 20. Be3 Nxb2 21. Be2 d5 22. Rxc8 Rxc8 23. Rc1 Rxc1 24. Bxc1 Na4 25. exd5 Nxd5 26. Bd1 Nac3 27. Bb3 Nf4 28. Bc4 f5 29. g3 Nfd5 30. a4 Nb6 31. Bg8 Nbxa4 32. Bxh7 Kf6 33. Bg8 Nxb5 34. Bd5 Nc5 35. Be3 b6 36. Bc4 Nd4 37. Bf1 Nce6 38. g4 f4 39. Bd2 Ng5 40. Be2 Nxe2 41. Kxe2 Ke6 42. Bb4 Kd5 43. Be7 Ne6 44. Kf2 b5 45. Bb4 g6 46. Kg2 Nd4 47. Kf2 Nc6 48. Bd2 b4 49. Kg2 Kc4 50. Bc1 Kc3 0-1

[Event "Stockholm op"]
[Site "Stockholm"]
[Date "2014.05.28"]
[Round "2"]
[White "Sandberg, Filip"]
[Black "Hedin, Niclas"]
[Result "0-1"]
[WhiteElo "1404"]
[BlackElo "1970"]
[PlyCount "50"]
[EventDate "2014.05.28"]
[EventType "swiss"]
[EventRounds "9"]
[EventCountry "SWE"]
[SourceTitle "CBM 160 Extra"]
[Source "ChessBase"]
[SourceDate "2014.07.01"]
[SourceVersion "1"]
[SourceVersionDate "2014.07.01"]
[SourceQuality "1"]

1. e4 e6 2. d4 d5 3. e5 c5 4. c3 Nc6 5. Nf3 Qb6 6. Qb3 Bd7 7. Qxb6 axb6 8. Be3 f6 9. exf6 Nxf6 10. Nbd2 Bd6 11. Nb3 c4 12. Nbd2 b5 13. Be2 b4 14. 0-0 0-0 15. a3 Be8 16. Ne1 Bg6 17. f4 bxc3 18. bxc3 Rxa3 19. Rc1 Ra2 20. Nef3 Ng4 21. Bf2 b5 22. Rb1 Bxb1 23. Rxb1 b4 24. cxb4 Bxb4 25. Rd1 c3 0-1

[Event "Stockholm All Saints op"]
[Site "Stockholm"]
[Date "2013.10.31"]
[Round "2"]
[White "Hedin, Niclas"]
[Black "Evertsson, Lennart"]
[Result "0-1"]
[WhiteElo "1966"]
[BlackElo "2177"]
[PlyCount "47"]
[EventDate "2013.10.31"]
[EventType "swiss"]
[EventRounds "7"]
[EventCountry "SWE"]
[SourceTitle "EXT 2014"]
[Source "ChessBase"]
[SourceDate "2013.11.20"]
[SourceVersion "1"]
[SourceVersionDate "2013.11.20"]
[SourceQuality "1"]

1. d4 Nf6 2. c4 c5 3. d5 e6 4. Nc3 exd5 5. cxd5 d6 6. e4 g6 7. f4 Bg7 8. Bb5+ Nfd7 9. Be2 0-0 10. Nf3 b6 11. 0-0 Ba6 12. Re1 c4 13. e5 dxe5 14. d6 Nc6 15. Qa4 Bb7 16. Bxc4 Nd4 17. Nxe5 Nxe5 18. fxe5 Qh4 19. Qd1 Nc2 20. Bg5 Qxg5 21. Qxc2 Bxe5 22. Rad1 Qf4 23. g3 Bd4+ 24. Rxd4 0-1

[Event "Politiken Cup 35th"]
[Site "Helsingor"]
[Date "2013.08.04"]
[Round "10"]
[White "Hedin, Niclas"]
[Black "Eddy, Samuel"]
[Result "1/2-1/2"]
[WhiteElo "1969"]
[BlackElo "2096"]
[PlyCount "114"]
[EventDate "2013.07.27"]
[EventType "swiss"]
[EventRounds "10"]
[EventCountry "DEN"]
[SourceTitle "CBM 155 Extra"]
[Source "ChessBase"]
[SourceDate "2013.08.26"]
[SourceVersion "1"]
[SourceVersionDate "2013.08.26"]
[SourceQuality "1"]

1. c4 g6 2. g3 Bg7 3. Bg2 e5 4. Nc3 d6 5. e4 Nc6 6. Nge2 f5 7. d3 Nf6 8. 0-0 0-0 9. h3 Nh5 10. f4 exf4 11. gxf4 Nd4 12. Rb1 fxe4 13. dxe4 Nxe2+ 14. Nxe2 Qh4 15. Qd3 Bd7 16. b4 Rae8 17. Bd2 Bh6 18. c5 d5 19. Qxd5+ Be6 20. Qxb7 Bxh3 21. Be1 Qg4 22. Qd5+ Rf7 23. Rf2 Nf6 24. Qd3 Nxe4 25. Qxh3 Nxf2 26. Qxg4 Nxg4 27. Nc3 Ne3 28. Bc6 Rd8 29. Nb5 a6 30. Na7 Rxf4 31. b5 Rf1+ 32. Kh2 Bf4+ 33. Kh3 axb5 34. Nxb5 Rd2 35. Bxd2 Rxb1 36. Nxc7 Rg1 37. Bxe3 Rg3+ 38. Kh4 g5+ 39. Kh5 Rxe3 40. Bd5+ Kg7 41. Nb5 Kf6 42. Bb7 Re5 43. Nc3 Ke7 44. Nd5+ Kd8 45. Kh6 Re2 46. Kxh7 Rxa2 47. Kg6 Ra5 48. c6 Bc7 49. Ne3 Re5 50. Ng4 Ra5 51. Kh5 Ke7 52. Bc8 Kd6 53. Bd7 Bd8 54. Ne3 Kc7 55. Ng4 Be7 56. Nh6 Ra1 57. Ng4 Rh1+ 1/2-1/2

[Event "Politiken Cup 35th"]
[Site "Helsingor"]
[Date "2013.07.30"]
[Round "5"]
[White "Rose, Dennis Lauge"]
[Black "Hedin, Niclas"]
[Result "0-1"]
[WhiteElo "1827"]
[BlackElo "1969"]
[PlyCount "100"]
[EventDate "2013.07.27"]
[EventType "swiss"]
[EventRounds "10"]
[EventCountry "DEN"]
[SourceTitle "CBM 155 Extra"]
[Source "ChessBase"]
[SourceDate "2013.08.26"]
[SourceVersion "1"]
[SourceVersionDate "2013.08.26"]
[SourceQuality "1"]

1. f4 d5 2. Nf3 Nf6 3. e3 c5 4. d4 e6 5. c3 Be7 6. Bd3 0-0 7. 0-0 b6 8. Nbd2 Ba6 9. Qe2 Qc8 10. Ne5 Bxd3 11. Qxd3 Qa6 12. Qc2 Qe2 13. Rf3 Ne4 14. Qd3 Qxd3 15. Nxd3 Nc6 16. Nf2 f5 17. g3 c4 18. Kg2 b5 19. Nd1 a5 20. Nxe4 fxe4 21. Rf1 b4 22. h4 Bd6 23. Rf2 Rf7 24. Bd2 g6 25. Kh3 Rb7 26. g4 h5 27. Rg2 hxg4+ 28. Kxg4 Kf7 29. Nf2 Ne7 30. Nh3 Nf5 31. Ng5+ Ke7 32. Rh1 Rh8 33. Rgh2 Rh5 34. Re2 Rb8 35. Be1 Rbh8 36. Rh3 Rb8 37. Bd2 Rf8 38. Bc1 bxc3 39. bxc3 Rfh8 40. Reh2 a4 41. Bd2 Rb8 42. Be1 Ba3 43. Re2 Rb1 44. Rhh2 Bc1 45. Bf2 Bb2 46. Rc2 a3 47. Rg2 Rc1 48. Rxc1 Bxc1 49. Rg1 Bxe3 50. Bxe3 Rxh4# 0-1

[Event "Politiken Cup 35th"]
[Site "Helsingor"]
[Date "2013.07.28"]
[Round "3"]
[White "Fredericia, Ellen"]
[Black "Hedin, Niclas"]
[Result "1/2-1/2"]
[WhiteElo "1544"]
[BlackElo "1969"]
[PlyCount "95"]
[EventDate "2013.07.27"]
[EventType "swiss"]
[EventRounds "10"]
[EventCountry "DEN"]
[SourceTitle "CBM 155 Extra"]
[Source "ChessBase"]
[SourceDate "2013.08.26"]
[SourceVersion "1"]
[SourceVersionDate "2013.08.26"]
[SourceQuality "1"]

1. d4 Nf6 2. c4 e6 3. Nc3 Bb4 4. Qc2 c5 5. a3 Bxc3+ 6. Qxc3 b6 7. Bg5 h6 8. Bh4 Bb7 9. f3 d6 10. e3 Nbd7 11. Bd3 0-0 12. Ne2 Qc7 13. 0-0 Rac8 14. Rac1 Rfe8 15. e4 e5 16. d5 g5 17. Bg3 Nf8 18. Rc2 Ng6 19. f4 Ng4 20. fxe5 N4xe5 21. Rf5 Rcd8 22. Rc1 Bc8 23. Rf2 Qe7 24. Rcf1 Rf8 25. b3 f6 26. a4 a5 27. Qc2 h5 28. h3 h4 29. Bh2 Kg7 30. Qd2 Nxd3 31. Qxd3 Rde8 32. Nc3 Ne5 33. Qe3 Ng6 34. Qf3 Ne5 35. Qe3 g4 36. Bxe5 Qxe5 37. hxg4 Bxg4 38. Rf4 f5 39. Qd3 Qd4+ 40. Qxd4+ cxd4 41. exf5 Bxf5 42. Rxd4 h3 43. gxh3 Re3 44. Nb5 Rg3+ 45. Kh2 Rxh3+ 46. Kg2 Rh6 47. Rf3 Rg6+ 48. Rg3 1/2-1/2